| 000 | 00588nam a2200205 a 4500 | ||
|---|---|---|---|
| 005 | 20241005064204.0 | ||
| 008 | 050527s1999 ag r 000 0 spa d | ||
| 020 | _a9507249230 | ||
| 035 | _aUPN01000139125 | ||
| 049 | _aF | ||
| 050 | 4 |
_aH61.28 _bA3.3 |
|
| 100 | 1 | _aAguilar, José María | |
| 245 | 1 | 0 |
_aEntrevista en profundidad / _cJosé María Aguilar. |
| 260 |
_aBuenos Aires : _bLumen-Humanitas, _cc1999. |
||
| 300 | _a46 p. | ||
| 440 | 0 |
_aHvmanitas 2000. _pTécnicas sociales |
|
| 650 | 4 |
_aEntrevistas _917201 |
|
| 650 | 4 |
_aInvestigación _xMetodología _95209 |
|
| 905 | _aLibro | ||
| 999 |
_c111273 _d111273 |
||